[Event "ch-USA Online Q Final"]
[Site "chess.com INT"]
[Date "2020.12.11"]
[Round "1.1"]
[White "Lenderman, Aleksandr"]
[Black "Hess, Robert"]
[Result "1/2-1/2"]
[WhiteTitle "GM"]
[BlackTitle "GM"]
[WhiteElo "2624"]
[BlackElo "2591"]
[WhiteFideId "2021285"]
[BlackFideId "2022036"]
[EventDate "2020.12.11"]

1. c4 b6 2. d4 Bb7 3. Nf3 e6 4. g3 Bb4+ 5. Nbd2 Bxf3 6. exf3 Ne7 7. a3 Bxd2+ 8.
Bxd2 O-O 9. Bd3 Nbc6 10. Bc3 d5 11. O-O dxc4 12. Bxc4 Qd6 13. Qd3 Rad8 14. Rad1
Nd5 15. Bd2 Nce7 16. Rfe1 Rd7 17. Bb5 c6 18. Ba4 Rfd8 19. Bc2 Nf6 20. Qe2 Qd5
21. Bf4 Qh5 22. Be5 Nfd5 23. Bb3 Ng6 24. Rc1 Nde7 25. Ba4 Nxe5 26. dxe5 h6 27.
Bc2 c5 28. Kg2 Nf5 29. g4 Qg5 30. f4 Nh4+ 31. Kg3 Qe7 32. Rcd1 Ng6 33. Bxg6 fxg6
34. Qc2 Kf7 35. h4 Rd4 36. Rxd4 Rxd4 37. Rd1 Qd7 38. Rxd4 cxd4 39. Qd3 Qd5 40.
f3 g5 41. hxg5 hxg5 42. fxg5 Qxe5+ 43. f4 Qd5 44. Kf2 b5 45. Qf3 Qc5 46. Qb7+
Kf8 47. Kf3 g6 48. Qd7 Qc4 49. Qd8+ Kf7 50. Qf6+ Ke8 51. Qxg6+ Kd7 52. Qf7+ Kd6
53. Qf8+ Kd7 54. Qf7+ Kd6 55. Qf8+ Kd7 56. Qf7+ 1/2-1/2

[Event "ch-USA Online Q Final"]
[Site "chess.com INT"]
[Date "2020.12.11"]
[Round "1.2"]
[White "Gareyev, Timur"]
[Black "Moradiabadi, Elshan"]
[Result "1/2-1/2"]
[WhiteTitle "GM"]
[BlackTitle "GM"]
[WhiteElo "2606"]
[BlackElo "2555"]
[WhiteFideId "14200937"]
[BlackFideId "12501255"]
[EventDate "2020.12.11"]

1. c3 d5 2. Nf3 c5 3. d4 e6 4. Bf4 Bd6 5. Bg3 Nf6 6. e3 O-O 7. Nbd2 Qc7 8. Ne5
Nbd7 9. f4 Ne4 10. Bd3 Nxd2 11. Qxd2 Nf6 12. O-O b6 13. Rad1 cxd4 14. cxd4 Ne4
15. Bxe4 dxe4 16. d5 Ba6 17. Rc1 Qb7 18. Rfd1 Bxe5 19. fxe5 Qxd5 20. Qxd5 exd5
21. Rxd5 Rac8 1/2-1/2

[Event "ch-USA Online Q Final"]
[Site "chess.com INT"]
[Date "2020.12.11"]
[Round "1.3"]
[White "Yoo, Christopher Woojin"]
[Black "Tang, Andrew"]
[Result "1-0"]
[WhiteTitle "IM"]
[BlackTitle "GM"]
[WhiteElo "2455"]
[BlackElo "2538"]
[WhiteFideId "30909694"]
[BlackFideId "2059630"]
[EventDate "2020.12.11"]

1. d4 d5 2. c4 e6 3. Nc3 Be7 4. Nf3 Nf6 5. Bf4 O-O 6. e3 b6 7. cxd5 Nxd5 8. Nxd5
Qxd5 9. Bxc7 Qa5+ 10. Nd2 Ba6 11. Bxb8 Bxf1 12. Kxf1 Raxb8 13. Nf3 Rbc8 14. Qd3
Rc7 15. Ke2 Qb4 16. Rab1 Qa4 17. a3 Rc2+ 18. Kf1 Qc6 19. Ne1 Rc4 20. Rd1 Rc8 21.
Qe2 e5 22. dxe5 Qe4 23. Rd4 Rxd4 24. exd4 Qxd4 25. g3 Qd5 26. Nf3 g5 27. h3 h5
28. g4 hxg4 29. hxg4 Rc1+ 30. Kg2 Rc4 31. Kg3 Qe6 32. Nd2 Rc5 33. Nf3 Rc4 34.
Ne1 Qd5 35. f3 Rd4 36. Rh2 Rd1 37. Qe3 Qc4 38. Re2 Bc5 39. Qxg5+ Kf8 40. Rh2 Ke8
41. Ng2 Rf1 42. Rh8+ Bf8 43. e6 Qxe6 44. Qb5+ Ke7 45. Qb4+ Kd7 46. Qxf8 Qe5+ 47.
f4 Qxb2 48. Qc8+ Kd6 49. Rd8+ Ke7 50. Rd7+ Kf6 51. Qh8+ 1-0

[Event "ch-USA Online Q Final"]
[Site "chess.com INT"]
[Date "2020.12.11"]
[Round "1.4"]
[White "Naroditsky, Daniel"]
[Black "Swiercz, Dariusz"]
[Result "1/2-1/2"]
[WhiteTitle "GM"]
[BlackTitle "GM"]
[WhiteElo "2621"]
[BlackElo "2649"]
[WhiteFideId "2026961"]
[BlackFideId "1126881"]
[EventDate "2020.12.11"]

1. e4 c5 2. c3 d5 3. exd5 Qxd5 4. d4 Nc6 5. Nf3 Bf5 6. Be3 cxd4 7. Nxd4 e6 8.
Nxf5 Qxf5 9. Qd3 Nge7 10. Qxf5 Nxf5 11. Bc1 O-O-O 12. Nd2 g6 13. Nf3 Bh6 14.
Bxh6 Nxh6 15. Bb5 e5 16. Bxc6 bxc6 17. Ke2 f6 18. Rad1 Nf7 19. Rxd8+ Rxd8 20.
Rd1 1/2-1/2

[Event "ch-USA Online Q Final"]
[Site "chess.com INT"]
[Date "2020.12.12"]
[Round "2.1"]
[White "Hess, Robert"]
[Black "Naroditsky, Daniel"]
[Result "0-1"]
[WhiteTitle "GM"]
[BlackTitle "GM"]
[WhiteElo "2591"]
[BlackElo "2621"]
[WhiteFideId "2022036"]
[BlackFideId "2026961"]
[EventDate "2020.12.11"]

1. e4 c5 2. Nf3 e6 3. c3 d5 4. exd5 exd5 5. d4 c4 6. b3 cxb3 7. axb3 Bd6 8. Bd3
Ne7 9. O-O O-O 10. c4 Nbc6 11. Nc3 h6 12. c5 Bb8 13. Ra4 a5 14. Re1 Nb4 15. Bb1
Bd7 16. Ra1 Bg4 17. h3 Bh5 18. Na2 Nbc6 19. Qd3 Bg6 20. Qb5 Qc7 21. Bb2 Nf5 22.
Bxf5 Bxf5 23. Nc3 Nxd4 24. Nxd4 Bd7 25. Qb6 Qh2+ 26. Kf1 Bf4 27. Nxd5 Rae8 28.
Ne7+ Kh7 29. Qxb7 Qh1+ 30. Ke2 Rxe7+ 31. Kf3 Rxe1 32. Rxe1 Qxe1 33. Qxd7 Bg5 34.
Qf5+ Kg8 35. Qc2 Re8 36. Nf5 g6 37. Nd6 Re3+ 38. Kg4 f5+ 39. Nxf5 Re4+ 40. Kf3
gxf5 41. Qd3 Qd2 42. Qa6 Qf4# 0-1

[Event "ch-USA Online Q Final"]
[Site "chess.com INT"]
[Date "2020.12.12"]
[Round "2.2"]
[White "Swiercz, Dariusz"]
[Black "Yoo, Christopher Woojin"]
[Result "1/2-1/2"]
[WhiteTitle "GM"]
[BlackTitle "IM"]
[WhiteElo "2649"]
[BlackElo "2455"]
[WhiteFideId "1126881"]
[BlackFideId "30909694"]
[EventDate "2020.12.11"]

1. Nf3 Nf6 2. c4 e6 3. g3 d5 4. d4 Be7 5. Bg2 O-O 6. O-O dxc4 7. Qc2 b5 8. a4
Bb7 9. axb5 a6 10. Nc3 axb5 11. Rxa8 Bxa8 12. Nxb5 Bd5 13. Nc3 Bxf3 14. Bxf3
Qxd4 15. Be3 Qe5 16. Qa4 Nd5 17. Nxd5 exd5 18. b3 cxb3 19. Qxb3 Bg5 20. Bxg5
Qxg5 21. Bxd5 Nd7 22. Rd1 Qe7 23. Qb5 g6 24. Rc1 Nf6 25. Bf3 Rd8 26. h4 h6 27.
Kg2 Kg7 28. Rc4 Rd6 29. Qb7 Rd7 30. Qb2 Kg8 31. Qc3 h5 32. Qc2 Kg7 33. Rc5 Kg8
34. Rc6 Ne8 35. Rc3 Ng7 36. Bc6 Rd6 37. e4 Qe5 38. Rc5 Qd4 39. Bd5 Ne8 40. Rc4
Qe5 41. Rc5 Qd4 42. Rc4 Qe5 43. Rc5 Qd4 1/2-1/2

[Event "ch-USA Online Q Final"]
[Site "chess.com INT"]
[Date "2020.12.12"]
[Round "2.4"]
[White "Moradiabadi, Elshan"]
[Black "Lenderman, Aleksandr"]
[Result "1/2-1/2"]
[WhiteTitle "GM"]
[BlackTitle "GM"]
[WhiteElo "2555"]
[BlackElo "2624"]
[WhiteFideId "12501255"]
[BlackFideId "2021285"]
[EventDate "2020.12.11"]

1. d4 d5 2. Nf3 Nf6 3. c4 dxc4 4. e3 e6 5. Bxc4 c5 6. O-O Nc6 7. Nc3 a6 8. d5
exd5 9. Nxd5 Nxd5 10. Bxd5 Bd6 11. Bxc6+ bxc6 12. b3 O-O 13. Bb2 Qe7 14. Qc2 Bg4
15. Qc3 f6 16. Nd2 Rfd8 17. Nc4 Bc7 18. f3 Be6 19. Rad1 a5 20. Qc2 Bf7 21. a4
Kh8 22. e4 h6 23. Rfe1 Rxd1 24. Rxd1 Rd8 25. Bc3 Bxc4 26. bxc4 Rb8 27. Rb1 Rd8
28. Rd1 Rb8 29. Rb1 Rd8 30. Rd1 1/2-1/2

[Event "ch-USA Online Q Final"]
[Site "chess.com INT"]
[Date "2020.12.13"]
[Round "3.1"]
[White "Moradiabadi, Elshan"]
[Black "Hess, Robert"]
[Result "1-0"]
[WhiteTitle "GM"]
[BlackTitle "GM"]
[WhiteElo "2555"]
[BlackElo "2591"]
[WhiteFideId "12501255"]
[BlackFideId "2022036"]
[EventDate "2020.12.11"]

1. d4 Nf6 2. c4 g6 3. Nc3 d5 4. Bf4 Bg7 5. e3 O-O 6. cxd5 Nxd5 7. Nxd5 Qxd5 8.
Bxc7 Na6 9. Bxa6 Qxg2 10. Qf3 Qxf3 11. Nxf3 bxa6 12. Rc1 Bb7 13. Ke2 Rfc8 14.
Rc3 f6 15. Rhc1 Kf7 16. Nd2 g5 17. Rc5 Bf8 18. d5 e5 19. d6 Ke6 20. Nc4 g4 21.
Rc3 Re8 22. Rd3 Kd7 23. Ke1 Bc6 24. Na5 Be4 25. Rd2 Re6 26. Rc4 Bf3 27. Nb3 Bxd6
28. Nc5+ Kxc7 29. Nxe6+ Kd7 30. Ng7 Rb8 31. Nf5 Rb6 32. e4 a5 33. Ra4 Ke6 34.
Rxd6+ Rxd6 35. Nxd6 Kxd6 36. Kd2 1-0

[Event "ch-USA Online Q Final"]
[Site "chess.com INT"]
[Date "2020.12.13"]
[Round "3.2"]
[White "Lenderman, Aleksandr"]
[Black "Tang, Andrew"]
[Result "1-0"]
[WhiteTitle "GM"]
[BlackTitle "GM"]
[WhiteElo "2624"]
[BlackElo "2538"]
[WhiteFideId "2021285"]
[BlackFideId "2059630"]
[EventDate "2020.12.11"]

1. d4 d5 2. c4 e6 3. Nc3 Be7 4. cxd5 exd5 5. Bf4 c6 6. e3 Bf5 7. g4 Be6 8. h4
Nd7 9. Qb3 Qb6 10. f3 Ngf6 11. h5 O-O 12. Bd3 Rfc8 13. Qc2 h6 14. g5 hxg5 15.
Bxg5 c5 16. Nge2 Re8 17. h6 c4 18. Bxc4 dxc4 19. hxg7 Qa5 20. d5 Ne5 21. Bxf6
Nd3+ 22. Qxd3 cxd3 23. Rh8# 1-0

[Event "ch-USA Online Q Final"]
[Site "chess.com INT"]
[Date "2020.12.13"]
[Round "3.3"]
[White "Gareyev, Timur"]
[Black "Swiercz, Dariusz"]
[Result "1-0"]
[WhiteTitle "GM"]
[BlackTitle "GM"]
[WhiteElo "2606"]
[BlackElo "2649"]
[WhiteFideId "14200937"]
[BlackFideId "1126881"]
[EventDate "2020.12.11"]

1. d4 Nf6 2. c4 g6 3. Nc3 d5 4. Qa4+ Bd7 5. Qd1 Bc8 6. Nf3 Bg7 7. Qa4+ Bd7 8.
Qd1 Bc8 9. cxd5 Nxd5 10. e4 Nxc3 11. bxc3 c5 12. Be3 Qa5 13. Qd2 O-O 14. Rc1 Bg4
15. Ng5 cxd4 16. cxd4 Qxd2+ 17. Kxd2 Nc6 18. h3 Bd7 19. d5 Na5 20. Bd3 h6 21.
Nf3 b6 22. Rc7 Rfd8 23. Bd4 Bf8 24. Rhc1 Be8 25. Ke3 Rdb8 26. Ne5 a6 27. Nc6
Nxc6 28. dxc6 b5 29. e5 e6 30. Be4 Bb4 31. Ra7 Rxa7 32. Bxa7 Rc8 33. c7 Ba5 34.
Bb8 Bb6+ 35. Kf4 Bd7 36. Bb7 Re8 37. c8=Q Bxc8 38. Rxc8 Rxc8 39. Bxc8 1-0

[Event "ch-USA Online Q Final"]
[Site "chess.com INT"]
[Date "2020.12.14"]
[Round "4.1"]
[White "Hess, Robert"]
[Black "Yoo, Christopher Woojin"]
[Result "1/2-1/2"]
[WhiteTitle "GM"]
[BlackTitle "IM"]
[WhiteElo "2591"]
[BlackElo "2455"]
[WhiteFideId "2022036"]
[BlackFideId "30909694"]
[EventDate "2020.12.11"]

1. d4 Nf6 2. c4 e6 3. Nf3 d5 4. Nc3 dxc4 5. Qa4+ c6 6. Qxc4 b5 7. Qd3 a6 8. Bg5
h6 9. Bxf6 Qxf6 10. g3 Bb7 11. Bg2 Nd7 12. O-O Qd8 13. Ne4 c5 14. dxc5 Nxc5 15.
Nxc5 Bxc5 16. Qc3 Bxf3 17. Bxf3 Rc8 18. Qxg7 Bd4 19. Qg4 Rc4 20. Rad1 Bxf2+ 21.
Kg2 Qxd1 22. Rxd1 Rxg4 23. Bxg4 Bc5 24. Rc1 Be7 25. Rc8+ Bd8 26. b4 O-O 27. Ra8
Be7 28. Rxa6 Bxb4 29. Rb6 Ra8 30. Rxb5 Be7 31. Rb2 Ra5 32. Bf3 Kg7 33. Bc6 Ra3
34. Bb5 h5 35. Bc4 h4 36. Rb7 Kf8 37. Rb8+ Kg7 38. Rb7 Kf8 39. gxh4 Bxh4 40. Bb3
Bf6 41. Rb4 Ra5 42. Rg4 Re5 43. Bc4 Ra5 44. Kf3 Ke7 45. Bb3 Rh5 46. Kg2 Re5 47.
Bc4 Ra5 48. Rg3 Ra4 49. Bb3 Re4 50. Kf1 Rf4+ 51. Kg2 Re4 52. Bd1 Be5 53. Rd3
Rg4+ 54. Kh1 Bc7 55. h3 Rf4 56. Kg2 Bb6 57. a4 Rf2+ 58. Kg3 Rf1 59. Bb3 Re1 60.
Kf3 Rf1+ 61. Kg3 Re1 62. Rd2 Rg1+ 63. Kf3 Rh1 64. Kg2 Rg1+ 65. Kf3 Rh1 66. Kg2
Rg1+ 67. Kh2 Rg5 68. Bc4 Re5 69. Bb5 Rf5 70. Rd7+ Kf6 71. Rb7 Ba5 72. Bd3 Rf4
73. Bb5 Kg5 74. Be8 f5 75. Rg7+ Kf6 76. Rg6+ Ke7 77. Bb5 e5 78. Rg1 Kf6 79. Kg2
Kg5 80. Rf1 Rxf1 81. Kxf1 Kh4 82. Bd7 f4 83. Kf2 e4 84. Bf5 Bb6+ 85. Kg2 f3+ 86.
exf3 exf3+ 87. Kxf3 Ba5 88. Ke4 Bb6 89. Kd5 Ba5 90. Kc6 Bd8 91. Kb5 Kg5 92. Bc8
Kh6 93. a5 Bxa5 94. Kxa5 Kg7 95. Kb5 Kh8 96. Kc5 Kg8 97. Kd5 Kh8 98. Ke5 Kg8 99.
Kf6 Kh8 100. Kg6 Kg8 101. h4 Kh8 102. h5 Kg8 103. h6 Kh8 104. Be6 1/2-1/2

[Event "ch-USA Online Q Final"]
[Site "chess.com INT"]
[Date "2020.12.14"]
[Round "4.2"]
[White "Naroditsky, Daniel"]
[Black "Gareyev, Timur"]
[Result "1-0"]
[WhiteTitle "GM"]
[BlackTitle "GM"]
[WhiteElo "2621"]
[BlackElo "2606"]
[WhiteFideId "2026961"]
[BlackFideId "14200937"]
[EventDate "2020.12.11"]

1. e4 e5 2. Bc4 Nf6 3. d3 Nc6 4. Nc3 Na5 5. Nge2 c6 6. Bb3 Bc5 7. O-O O-O 8. Bg5
h6 9. Bh4 Be7 10. d4 d6 11. Qd3 b5 12. f4 exd4 13. Nxd4 b4 14. Na4 c5 15. Nf3 c4
16. Bxc4 Nxc4 17. Qxc4 Qa5 18. e5 Ba6 19. Qb3 Bxf1 20. exf6 Bb5 21. fxe7 Rfc8
22. Qd5 Qxa4 23. Nd4 Be8 24. Re1 Rab8 25. Re3 Rc5 26. Qxd6 Rbc8 27. Rg3 Kh7 28.
Rxg7+ Kxg7 29. Qf6+ Kg8 30. Ne6 fxe6 31. Qf8+ Kh7 32. Bf6 Rg5 33. fxg5 Kg6 34.
g4 b3 35. Qg7# 1-0

[Event "ch-USA Online Q Final"]
[Site "chess.com INT"]
[Date "2020.12.14"]
[Round "4.3"]
[White "Swiercz, Dariusz"]
[Black "Lenderman, Aleksandr"]
[Result "1/2-1/2"]
[WhiteTitle "GM"]
[BlackTitle "GM"]
[WhiteElo "2649"]
[BlackElo "2624"]
[WhiteFideId "1126881"]
[BlackFideId "2021285"]
[EventDate "2020.12.11"]

1. c4 c5 2. Nf3 g6 3. d4 cxd4 4. Nxd4 Nc6 5. e4 Nf6 6. Nc3 Nxd4 7. Qxd4 d6 8. f3
Bg7 9. Be3 O-O 10. Qd2 Be6 11. Rc1 Qa5 12. Be2 Rfc8 13. b3 a6 14. Na4 Qxd2+ 15.
Kxd2 Nd7 16. g4 f5 17. exf5 gxf5 18. h3 Rf8 19. Rhf1 d5 20. Nc5 Nxc5 21. Bxc5
dxc4 22. Bxc4 Bxc4 23. Rxc4 b5 24. Rc2 Rf7 25. Ke2 e5 26. Be3 fxg4 27. hxg4 Rf6
28. Rc7 Raf8 29. Bc5 Re8 30. Be3 Ref8 31. g5 Re6 32. Rfc1 Rd8 33. Ra7 Rg6 34.
Rcc7 Rf8 35. Re7 Rc8 36. Kd3 Rf8 37. Ke4 Rc8 38. Rac7 Rf8 39. Rb7 Rc8 40. Rec7
Rf8 41. Re7 Rc8 42. Rbc7 Rf8 43. Red7 Re8 44. Rf7 Rd8 45. Rcd7 Rc8 46. Ra7 Rd8
47. a4 bxa4 48. bxa4 a5 49. Rfc7 Rf8 50. Rxa5 h5 51. Raa7 h4 52. Rc2 h3 53. Rh2
Rc6 54. Rxh3 Rc4+ 55. Kd5 Rc3 56. Bb6 Rf4 57. Rc7 Rxc7 58. Bxc7 Rxa4 59. Ke6 Ra3
60. Kf5 Re3 61. Bb6 Rb3 62. Bd8 Kf7 63. Bf6 Bxf6 64. gxf6 Rb1 65. Rh7+ Kf8 66.
Rd7 Rb2 67. Ke6 Rb6+ 68. Rd6 Rb8 69. Ra6 Rc8 70. Ra7 Rc6+ 71. Kf5 Rc1 72. Rd7
Rc2 73. Ke6 Rc6+ 74. Rd6 Rc8 75. Rb6 Ra8 76. Rb4 Ra6+ 77. Kf5 Ra1 78. Rb6 Kf7
79. Rb7+ Kf8 80. Rd7 Ra2 81. Ke6 Ra6+ 82. Rd6 Ra8 83. Kxe5 Ra1 84. Rd7 Re1+ 85.
Kf5 Ra1 86. f4 Rb1 87. Ra7 Rc1 88. Rh7 Ra1 89. Rg7 Rb1 90. Rc7 Ra1 91. f7 Ra6
92. Kg5 Rg6+ 93. Kf5 Ra6 94. Rd7 Rb6 95. Ke5 Ra6 96. f5 Rb6 97. Ra7 Rc6 98. Kf4
Rb6 99. Kg5 Rc6 100. f6 Rc5+ 101. Kg6 Rg5+ 102. Kxg5 1/2-1/2

[Event "ch-USA Online Q Final"]
[Site "chess.com INT"]
[Date "2020.12.14"]
[Round "4.4"]
[White "Tang, Andrew"]
[Black "Moradiabadi, Elshan"]
[Result "1-0"]
[WhiteTitle "GM"]
[BlackTitle "GM"]
[WhiteElo "2538"]
[BlackElo "2555"]
[WhiteFideId "2059630"]
[BlackFideId "12501255"]
[EventDate "2020.12.11"]

1. d4 Nf6 2. Bf4 e6 3. e3 b6 4. Nf3 Bb7 5. Nbd2 d6 6. a4 Nc6 7. Bd3 g6 8. c3 Bg7
9. O-O O-O 10. Qc2 h6 11. h3 Re8 12. Bh2 e5 13. a5 exd4 14. a6 Bc8 15. exd4 Bd7
16. b4 b5 17. Bxb5 Nxb4 18. Qa4 Bxb5 19. Qxb5 Rb8 20. Qa5 Nc6 21. Qa2 Qd7 22. d5
Ne7 23. c4 Nf5 24. Rab1 Rb6 25. Rxb6 cxb6 26. Rb1 g5 27. g4 Nxg4 28. hxg4 Nd4
29. Qa3 Qxg4+ 30. Kh1 Qh3 31. Rg1 Ne2 32. Rg2 g4 33. Qa4 Re7 34. Ng1 Nxg1 35.
Rg3 Qh5 36. Rxg1 Re2 37. Nf1 Rxf2 38. Qd7 f5 39. Qxd6 Kh7 40. Qg3 Rf3 41. Qg2 f4
42. Qe2 Qf5 43. Nd2 Rd3 44. Bxf4 Rh3+ 45. Bh2 Be5 46. Rg2 g3 47. Nf3 Bd6 48. Qe6
Qxe6 49. dxe6 gxh2 50. Rd2 Bf4 51. Rd3 Kg7 52. e7 Kf7 53. Ne5+ Bxe5 54. Rxh3
Kxe7 55. Rxh6 Bc7 56. Rh8 Kd6 57. Ra8 b5 58. cxb5 Bb6 59. Rc8 Bc7 60. Kg2 Kd7
61. Ra8 Bb6 62. Kxh2 Kc7 63. Rg8 Kd6 64. Rc8 Kd7 65. Rc6 1-0

[Event "ch-USA Online Q Final"]
[Site "chess.com INT"]
[Date "2020.12.16"]
[Round "5.1"]
[White "Tang, Andrew"]
[Black "Hess, Robert"]
[Result "1/2-1/2"]
[WhiteTitle "GM"]
[BlackTitle "GM"]
[WhiteElo "2538"]
[BlackElo "2591"]
[WhiteFideId "2059630"]
[BlackFideId "2022036"]
[EventDate "2020.12.11"]
[EventType "tourn"]

1. d4 d5 2. Bf4 c5 3. e3 Nc6 4. Nf3 Nf6 5. Nbd2 e6 6. c3 Nh5 7. Bg5 f6 8. Bh4 g6
9. Bb5 a6 10. Ba4 b5 11. Bc2 cxd4 12. exd4 Bh6 13. Ne5 Nxe5 14. dxe5 Qc7 15.
exf6 Qe5+ 16. Kf1 O-O 17. Nf3 Qf4 18. g3 Qc4+ 19. Bd3 Qc7 20. g4 Nf4 21. g5 e5
22. Bg3 e4 23. Qd2 Rxf6 24. gxf6 Bh3+ 25. Ke1 exd3 26. Nd4 Re8+ 27. Kd1 Re4 28.
f3 Qe5 29. Re1 Qxf6 30. Bxf4 Bxf4 31. Qxd3 Rxe1+ 32. Kxe1 Qh4+ 33. Ke2 Qg5 34.
Re1 Qg2+ 35. Kd1 Qxb2 36. Qc2 Qa3 37. Re2 Kf7 38. Ke1 Kf6 39. Nb3 Bf5 40. Qd1
Qd6 41. Nd4 Bd7 42. Qc2 Qc5 43. Qb2 Bd6 44. Kd1 Qc4 45. Qb3 Qc5 46. Rb2 Be5 47.
Qb4 Qxb4 48. Rxb4 Bxh2 49. a4 Bd6 50. Rb2 Be5 51. axb5 Bxd4 52. bxa6 Bg1 53. Rb7
Bc8 54. Rc7 Bxa6 55. Rc6+ Ke5 56. Rxa6 Be3 57. Ke2 Bf4 58. Kd3 Kf5 59. Ra8 Be5
60. Rd8 Ke6 61. Re8+ Kf5 62. Rd8 Ke6 63. c4 dxc4+ 64. Kxc4 Bf6 65. Ra8 h5 66.
Kd3 Kf5 67. Ke3 Bg5+ 68. Kf2 Bf4 69. Rf8+ Kg5 70. Ke2 h4 71. Rh8 Be5 72. Rh7 Bf6
73. Kf2 Kf5 74. Kg2 g5 75. Kh3 Be5 76. Ra7 Bf4 77. Rf7+ Ke6 78. Rxf4 gxf4 79.
Kxh4 Kf5 80. Kh5 Kf6 81. Kg4 Ke5 82. Kg5 Ke6 83. Kxf4 Kf6 84. Kg4 Kg6 85. Kf4
Kf6 86. Kg4 Kg6 87. Kf4 Kf6 1/2-1/2

[Event "ch-USA Online Q Final"]
[Site "chess.com INT"]
[Date "2020.12.16"]
[Round "5.2"]
[White "Moradiabadi, Elshan"]
[Black "Swiercz, Dariusz"]
[Result "1/2-1/2"]
[WhiteTitle "GM"]
[BlackTitle "GM"]
[WhiteElo "2555"]
[BlackElo "2649"]
[WhiteFideId "12501255"]
[BlackFideId "1126881"]
[EventDate "2020.12.11"]
[EventType "tourn"]

1. d4 d5 2. c4 c6 3. Nf3 Nf6 4. Nbd2 Bf5 5. Qb3 Qc7 6. Nh4 Be6 7. e3 g6 8. Nhf3
Bg7 9. cxd5 cxd5 10. Bb5+ Nc6 11. O-O O-O 12. Qa3 a5 13. Qa4 Na7 14. Bd3 Rfc8
15. Qd1 Bf5 16. Bxf5 gxf5 17. Ne1 Nb5 18. a4 Nd6 19. b3 b5 20. axb5 Nxb5 21. Bb2
Nc3 22. Bxc3 Qxc3 23. Nef3 e6 24. h3 Ne4 25. Ra2 Qd3 26. Nxe4 Qxd1 27. Nf6+ Bxf6
28. Rxd1 Be7 29. g4 fxg4 30. hxg4 Rc3 31. Rb1 Bb4 32. Kg2 Kg7 33. Ng1 Rac8 34.
Ne2 R3c7 35. Kf3 h6 36. Rbb2 Rc6 37. Rb1 R6c7 38. Rbb2 Kf6 39. Rb1 Kg7 1/2-1/2

[Event "ch-USA Online Q Final"]
[Site "chess.com INT"]
[Date "2020.12.16"]
[Round "5.3"]
[White "Lenderman, Aleksandr"]
[Black "Naroditsky, Daniel"]
[Result "1/2-1/2"]
[WhiteTitle "GM"]
[BlackTitle "GM"]
[WhiteElo "2624"]
[BlackElo "2621"]
[WhiteFideId "2021285"]
[BlackFideId "2026961"]
[EventDate "2020.12.11"]
[EventType "tourn"]

1. d4 Nf6 2. Bg5 Ne4 3. Bf4 d5 4. Nd2 Nxd2 5. Qxd2 Bf5 6. e3 e6 7. Nf3 Bd6 8.
Bg3 O-O 9. c4 dxc4 10. Bxc4 Be4 11. O-O Nd7 12. Qc3 Bxg3 13. hxg3 c5 14. Rfd1
Qf6 15. Be2 cxd4 16. Nxd4 Rfc8 17. Qa3 Bd5 18. Rac1 a6 19. Bf3 Bxf3 20. Nxf3 Ne5
21. Nxe5 Qxe5 22. Rxc8+ Rxc8 23. Qe7 g6 24. Qxb7 Rc2 25. Qb4 Kg7 26. Qd4 Qxd4
27. Rxd4 Rxb2 28. Ra4 Rb1+ 29. Kh2 Rb6 30. g4 g5 31. Ra5 h6 32. g3 Kg6 33. Kg2
f5 34. Kh3 h5 35. gxf5+ exf5 36. f4 Re6 37. e4 Rxe4 38. Rxa6+ Kg7 39. fxg5 Rg4
40. a4 Rxg5 41. a5 Rg4 42. Rb6 Ra4 43. a6 f4 44. gxf4 Rxf4 45. Rb5 Ra4 46. Rxh5
Rxa6 1/2-1/2

[Event "ch-USA Online Q Final"]
[Site "chess.com INT"]
[Date "2020.12.16"]
[Round "5.4"]
[White "Gareyev, Timur"]
[Black "Yoo, Christopher Woojin"]
[Result "1/2-1/2"]
[WhiteTitle "GM"]
[BlackTitle "IM"]
[WhiteElo "2606"]
[BlackElo "2455"]
[WhiteFideId "14200937"]
[BlackFideId "30909694"]
[EventDate "2020.12.11"]
[EventType "tourn"]

1. e3 g6 2. Nf3 Bg7 3. c4 c5 4. Nc3 Nf6 5. d4 cxd4 6. Nxd4 Nc6 7. Nc2 O-O 8. Be2
d6 9. O-O Bf5 10. f3 d5 11. cxd5 Nxd5 12. Nxd5 Bxc2 13. Qxc2 Qxd5 14. Rd1 Qa5
15. Bd2 Qb6 16. Rab1 Rfd8 17. Qb3 Rd6 18. Kf2 Qxb3 19. axb3 Rad8 20. Ke1 1/2-1/2

[Event "ch-USA Online Q Final"]
[Site "chess.com INT"]
[Date "2020.12.17"]
[Round "6.1"]
[White "Hess, Robert"]
[Black "Gareyev, Timur"]
[Result "0-1"]
[WhiteTitle "GM"]
[BlackTitle "GM"]
[WhiteElo "2591"]
[BlackElo "2606"]
[WhiteFideId "2022036"]
[BlackFideId "14200937"]
[EventDate "2020.12.11"]

1. d4 Nf6 2. c4 e6 3. Nf3 b6 4. g3 Ba6 5. Qa4 Bb7 6. Bg2 c5 7. dxc5 Bxc5 8. O-O
Be7 9. Bf4 O-O 10. Nc3 Na6 11. Rfd1 Nc5 12. Qc2 Nce4 13. Ne5 Nxc3 14. Bxb7 Nxd1
15. Rxd1 Rc8 16. Bxc8 Qxc8 17. Qa4 d5 18. Qxa7 Bc5 19. Nd3 Bd4 20. cxd5 Nxd5 21.
Rc1 Qd8 22. Qa4 Nxf4 23. gxf4 e5 24. Rc4 h5 25. fxe5 Bxe5 26. Qb5 Re8 27. Kf1
Bf6 28. Rc6 Qa8 29. f3 Bd4 30. Rc7 Rf8 31. a3 Qd8 32. Rc4 g6 33. Qc6 Qh4 34. Qe4
Qh3+ 35. Ke1 Bg1 36. Qh4 Qg2 37. Qg3 Qh1 38. Kd2 Bxh2 39. Qh3 Rd8 40. Qh4 Rxd3+
41. exd3 Qg2+ 42. Kc1 Qf1+ 43. Kc2 Qe2+ 44. Kb1 Qxd3+ 45. Ka2 Qd5 46. Qe4 Qxe4
47. Rxe4 g5 48. b4 h4 49. a4 f5 50. Re2 Bd6 51. a5 bxa5 52. bxa5 h3 53. a6 Bc5
54. Rh2 g4 55. fxg4 fxg4 56. Rc2 Bd4 57. Rd2 Ba7 58. Rh2 Kf7 59. Kb3 Ke6 60. Kc4
Ke5 61. Re2+ Kf4 62. Kd5 g3 63. Re4+ Kf3 64. Rh4 h2 65. Rh7 g2 66. Rh3+ Kg4 0-1

[Event "ch-USA Online Q Final"]
[Site "chess.com INT"]
[Date "2020.12.17"]
[Round "6.2"]
[White "Yoo, Christopher Woojin"]
[Black "Lenderman, Aleksandr"]
[Result "1/2-1/2"]
[WhiteTitle "IM"]
[BlackTitle "GM"]
[WhiteElo "2455"]
[BlackElo "2624"]
[WhiteFideId "30909694"]
[BlackFideId "2021285"]
[EventDate "2020.12.11"]

1. d4 f5 2. c4 Nf6 3. Nc3 e6 4. Nf3 Bb4 5. Bd2 O-O 6. g3 b6 7. Bg2 Bb7 8. O-O a5
9. Rc1 Qe7 10. a3 Bxc3 11. Bxc3 Ne4 12. Nd2 Nxc3 13. Rxc3 Bxg2 14. Kxg2 a4 15.
e4 Nc6 16. d5 Nd4 17. Re1 f4 18. e5 Qf7 19. Nf3 Nb3 20. Rd3 Nc5 21. Rd4 Qh5 22.
Ng1 Qh6 23. Qg4 Rf5 24. gxf4 Nb3 25. Rde4 Nc5 26. Rd4 Nb3 27. Rde4 Nc5 28. Rd4 1/2-1/2

[Event "ch-USA Online Q Final"]
[Site "chess.com INT"]
[Date "2020.12.17"]
[Round "6.3"]
[White "Naroditsky, Daniel"]
[Black "Moradiabadi, Elshan"]
[Result "0-1"]
[WhiteTitle "GM"]
[BlackTitle "GM"]
[WhiteElo "2621"]
[BlackElo "2555"]
[WhiteFideId "2026961"]
[BlackFideId "12501255"]
[EventDate "2020.12.11"]

1. b3 e5 2. Bb2 Nc6 3. e3 a6 4. Nf3 e4 5. Nd4 Nxd4 6. Bxd4 Nf6 7. c4 c5 8. Bxf6
Qxf6 9. Nc3 Qe5 10. f4 exf3 11. Qxf3 Bd6 12. Bd3 O-O 13. O-O-O Rb8 14. Rdf1 b5
15. Qh3 g6 16. Nd5 Qa1+ 17. Bb1 f5 18. g4 Bb7 19. gxf5 Bxd5 20. fxg6 hxg6 21.
cxd5 c4 22. Qxd7 Ba3+ 23. Kd1 Qxb1+ 24. Ke2 Qd3+ 25. Ke1 Qe4 26. Rhg1 c3 27. Ke2
cxd2 28. Qc6 Rxf1 29. Rxf1 Re8 30. Qc3 Qg2+ 31. Rf2 Qxf2+ 32. Kxf2 d1=N+ 0-1